Nombre de pays entre deux pays - Statistiques

Statistiques générales
  • Ce quiz a été pris 52 fois
  • Le résultat moyen est 12 sur 15
Statistiques - réponses
Pays 1 Pays 2 Réponse % Correct
Inde Singapour 3
100%
Algérie Sénégal 1
85%
France Chine 4
81%
Portugal Russie 5
81%
Costa Rica Canada 5
81%
Suisse Portugal 2
79%
Pakistan Kazakhstan 1
77%
Bolivie Uruguay 1
77%
France Danemark 1
77%
Turquie Croatie 2
77%
Russie Cambodge 2
77%
Lesotho Ouganda 3
75%
Grèce Afghanistan 3
75%
Etats-Unis Guatemala 1
71%
Argentine Equateur 2
69%
Aucun quiz correspondant
Distribution des résultats
% des personnes avec chaque résultat
Percentile par nombre de réponses
Votre historique - résultats
Vous n’avez pas pris ce quiz